Ультраструктурная патология нейровирусных инфекций / (Record no. 67633)
[ view plain ]
| 000 -LEADER | |
|---|---|
| fixed length control field | 01264nam a22002537a 4500 |
| 001 - CONTROL NUMBER | |
| control field | 000195365 |
| 003 - CONTROL NUMBER IDENTIFIER | |
| control field | AM-YeHGA |
| 005 - DATE AND TIME OF LATEST TRANSACTION | |
| control field | 20250617123854.0 |
| 008 - FIXED-LENGTH DATA ELEMENTS--GENERAL INFORMATION | |
| fixed length control field | 950720s1984 ru ||||| |||| 00| 0 rus d |
| 040 ## - CATALOGING SOURCE | |
| Original cataloging agency | AM-YeHGA |
| 041 0# - LANGUAGE CODE | |
| Language code of text/sound track or separate title | rus |
| 090 ## - LOCALLY ASSIGNED LC-TYPE CALL NUMBER (OCLC); LOCAL CALL NUMBER (RLIN) | |
| -- | 68785 |
| 245 00 - TITLE STATEMENT | |
| Title | Ультраструктурная патология нейровирусных инфекций / |
| Statement of responsibility, etc. | [Б.А. Ерман, Н.М. Шестопалова, А.Ф. Бочаров и др.] ; Отв. ред. Е.Ф. Бочаров. |
| 260 0# - PUBLICATION, DISTRIBUTION, ETC. | |
| Place of publication, distribution, etc. | Новосибирск : |
| Name of publisher, distributor, etc. | Наука. Сиб. отд-ние, |
| Date of publication, distribution, etc. | 1984. |
| 300 ## - PHYSICAL DESCRIPTION | |
| Extent | 101 с. : |
| Dimensions | 21 см. |
| 500 ## - GENERAL NOTE | |
| General note | Авт. указаны на обороте тит. л. |
| 500 ## - GENERAL NOTE | |
| General note | В надзаг.: АН СССР, Сиб. отд-ние, АМН СССР, Сиб. отд-ние, Ин-т клинич. и эксперим. медицины |
| 650 14 - SUBJECT ADDED ENTRY--TOPICAL TERM | |
| Topical term or geographic name entry element | Нервные болезни вирусные - Патологическая анатомия |
| 700 1# - ADDED ENTRY--PERSONAL NAME | |
| Personal name | Шестопалова, Н.М. |
| 700 1# - ADDED ENTRY--PERSONAL NAME | |
| Personal name | Бочаров, А.Ф. |
| 700 1# - ADDED ENTRY--PERSONAL NAME | |
| Personal name | Бочаров, Евгений Федорович |
| Relationship | edt |
| 710 2# - ADDED ENTRY--CORPORATE NAME | |
| Corporate name or jurisdiction name as entry element | Ин-т клинической и экспериментальной медицины СО АН СССР |
| 942 ## - ADDED ENTRY ELEMENTS (KOHA) | |
| Source of classification or shelving scheme | Universal Decimal Classification |
| Koha item type | Գրքեր / Books |
| Withdrawn status | Lost status | Source of classification or shelving scheme | Damaged status | Not for loan | Collection | Home library | Current library | Date acquired | Total checkouts | Full call number | Barcode | Date last seen | Price effective from | Koha item type | Public note |
|---|---|---|---|---|---|---|---|---|---|---|---|---|---|---|---|
| Universal Decimal Classification | General | Fundamental Scientific Library | Fundamental Scientific Library | 22/12/2016 | PII/519714 | FL0198328 | 22/12/2016 | 22/12/2016 | Գրքեր / Books | 30 Days Loan | |||||
| Universal Decimal Classification | General | Fundamental Scientific Library | Fundamental Scientific Library | 22/12/2016 | PII/523576 | FL0184490 | 22/12/2016 | 22/12/2016 | Գրքեր / Books | 30 Days Loan |
ՀՀ Գիտությունների ազգային ակադեմիայի հիմնարար գիտական գրադարան = Fundamental Scientific Library of NAS RA
All site content, except where otherwise noted, is licensed under a